| 000 | 00416cam a2200181ua 4500 | ||
|---|---|---|---|
| 020 | _c1.50 | ||
| 041 |
_amal _h |
||
| 082 |
_a894.812301 _bKOR/LA |
||
| 100 | _aKoruthu, P C . | ||
| 245 |
_aLady typist / _cP C Koruthu. _hTextual Documents |
||
| 250 |
_a1 / _b. |
||
| 260 |
_aKottayam : _bP C Press , _c1962. |
||
| 300 | _a138 ; . | ||
| 365 | _a1.50 | ||
| 504 | _a | ||
| 942 | _cBK | ||
| 999 |
_c12621 _d12621 |
||